书目信息 |
| 题名: |
欧洲最好玩
|
|
| 作者: | 何林夏 著 | |
| 分册: | ||
| 出版信息: | 桂林 广西师范大学出版社 2013.06 |
|
| 页数: | 213页 | |
| 开本: | 21cm | |
| 丛书名: | ||
| 单 册: | ||
| 中图分类: | K950 | |
| 科图分类: | ||
| 主题词: | 旅游指南 , 旅游指南--欧洲 | |
| 电子资源: | ||
| ISBN: | 978-7-5495-3666-5 | |
| 000 | 00977nam0 2200313 450 | |
| 001 | 0100140572 | |
| 005 | 20141020221337.0 | |
| 010 | @a978-7-5495-3666-5@dCNY39.80 | |
| 100 | @a20130830d2013 em y0chiy50 ea | |
| 101 | 0 | @achi |
| 101 | 11 | @achi |
| 102 | @aCN@b450000 | |
| 105 | @aa z 001yy | |
| 106 | @ar | |
| 200 | 1 | @a欧洲最好玩@Aou zhou zui hao wan@9ou zhou zui hao wan@b专著@e玩转欧洲@f何林夏著@Fhe lin xia zhu |
| 210 | @a桂林@c广西师范大学出版社@d2013.06 | |
| 215 | @a213页@c彩照@d21cm | |
| 300 | @a玩转系列 2013-2014最新全彩版 考拉旅行 WZ019 | |
| 314 | @a封面题:《玩转世界》编辑部编著 | |
| 330 | @a本书主要内容包括:玩转英国;玩转法国;玩转意大利;玩转德国;玩转西班牙;玩转欧洲其他热地。 | |
| 517 | 1 | @a玩转欧洲@9wan zhuan ou zhou |
| 540 | @a欧洲最好玩 | |
| 606 | 0 | @a旅游指南 |
| 606 | 0 | @a旅游指南@y欧洲 |
| 690 | @aK950@v5 | |
| 701 | 0 | @a何林夏@Ahe lin xia@4著 |
| 801 | @aCN | |
| 901 | @a001 | |
| 905 | @b1103494-6@dK950@eH187@f3@a241430 | |
| 欧洲最好玩:玩转欧洲/何林夏著.-桂林:广西师范大学出版社,2013.06 |
| 213页:彩照;21cm |
| 玩转系列 2013-2014最新全彩版 考拉旅行 WZ019 |
| ISBN 978-7-5495-3666-5:CNY39.80 |
| 本书主要内容包括:玩转英国;玩转法国;玩转意大利;玩转德国;玩转西班牙;玩转欧洲其他热地。 |
| ● |
| 相关链接 |
|
|
|
正题名:欧洲最好玩
索取号:K950/H187
 
预约/预借
| 序号 | 登录号 | 条形码 | 馆藏地/架位号 | 状态 | 备注 |
| 1 | 1103494 | 211034940 | 社科库309/309社科库 27排2列3层/ [索取号:K950/H187] | 在馆 | |
| 2 | 1103495 | 211034959 | 社科库309/309社科库 27排2列3层/ [索取号:K950/H187] | 在馆 | |
| 3 | 1103496 | 211034968 | 社科库309/309社科库 27排2列3层/ [索取号:K950/H187] | 在馆 |